Estrategias para reducir la pobreza en América Latina y el Caribe: un estudio del proyecto "Mitigación de la Pobreza y Desarrollo Social" del Programa de las Naciones Unidas para el Desarrollo /
Uloženo v:
| Hlavní autor: | |
|---|---|
| Médium: | Neznámo |
| Vydáno: |
Quito:
PNUD
|
| Témata: | |
| Tagy: |
Přidat tag
Žádné tagy, Buďte první, kdo vytvoří štítek k tomuto záznamu!
|
MARC
| LEADER | 00000 a2200000 04500 | ||
|---|---|---|---|
| 001 | 10825 | ||
| 003 | |||
| 008 | 991231s d | ||
| 040 | |||
| 020 | |a [sin ISBN] | ||
| 022 | |a [sin ISBN] | ||
| 090 | |a 137401 | ||
| 100 | |a Zevallos, José Vicente | ||
| 245 | |a Estrategias para reducir la pobreza en América Latina y el Caribe: un estudio del proyecto "Mitigación de la Pobreza y Desarrollo Social" del Programa de las Naciones Unidas para el Desarrollo / |c José Vicente Zevallos | ||
| 260 | |a Quito: |b PNUD | ||
| 300 | |a xii, 468 p. | ||
| 650 | |a DESARROLLO SUSTENTABLE | ||
| 650 | |a POBREZA | ||
| 650 | |a INGRESO | ||
| 650 | |a CRECIMIENTO ECONOMICO | ||
| 650 | |a DISTRIBUCION DE INGRESO | ||
| 650 | |a GASTOS SOCIALES | ||
| 650 | |a EDUCACION | ||
| 650 | |a SALUD | ||
| 650 | |a POLITICA SOCIAL | ||
| 650 | |a DESCENTRALIZACION | ||
| 650 | |a GOBERNABILIDAD | ||
| 999 | |c 12292 |d 12292 | ||
